Statistics for Whitest/reddest/blackest etc Country Flags

Click here to take the quiz!

General Stats

  • This quiz has been taken 1,006 times
    (892 since last reset)
  • The average score is 11 of 35

Answer Stats

ANSWER % Correct
Japan (84.50%)
80%
China (97.63%)
80%
India/Ireland/Armenia (33.33%)
61%
Vietnam (91.52%)
60%
Morocco (97.62%)
50%
Ecuador/Ukraine/Colombia (50%)
48%
Turkey (93.92%)
48%
Cyprus (92.23%)
48%
South Korea (78.85%)
47%
Spain (0.10%)
39%
Spain (52.85%)
39%
Somalia (96.32%)
37%
Vatican (52.35%)
36%
Niger (37.86%)
35%
Bhutan (43.50%)
32%
Angola (47.83%)
31%
Israel (65.44%)
29%
Micronesia (98.53%)
29%
Mexico (0.98%)
27%
Mexico (2.23%)
27%
Mauritania (90.05%)
26%
Nauru (92.03%)
24%
Jamaica (36.21%)
24%
Papua New Guinea (49.60%)
24%
Malta (2.06%)
23%
DR Congo (93.53%)
23%
Brunei (54.57%)
21%
Zambia (2.23%)
18%
Turkmenistan (82.37%)
18%
Andorra (6.05%)
11%
Swaziland (0.62%)
10%
Nicaragua (0.04%)
10%
Lesotho (5.71%)
9%
St Kitts and Nevis (36.28%)
9%
Equatorial Guinea (1.41%)
3%

Score Distribution

Percentile by Number Answered

Percent of People with Each Score

Your Score History

You have not taken this quiz since the last reset